Guía para mediciones electrónicas y prácticas de laboratorio
Збережено в:
| Автор: | |
|---|---|
| Інші автори: | |
| Формат: | Книга |
| Мова: | Spanish |
| Опубліковано: |
México : Prentice Hall,
1980
|
| Предмети: | |
| Теги: |
Додати тег
Немає тегів, Будьте першим, хто поставить тег для цього запису!
|
MARC
| LEADER | 00000nam a2200000Ia 4500 | ||
|---|---|---|---|
| 003 | 000567 | ||
| 005 | 20221231143941.0 | ||
| 008 | 140114s1980 mx a 000 | spa d | ||
| 040 | |c cru CEDI | ||
| 082 | |a 621.381.5 W855g | ||
| 100 | |a Wolf, Stanley |9 19139 | ||
| 245 | |a Guía para mediciones electrónicas y prácticas de laboratorio | ||
| 260 | |a México : Prentice Hall, |c 1980 | ||
| 300 | |a xv, 491 páginas : ilustraciones ; 23 cm | ||
| 500 | |a Traduccion de: Guide to electronic measurement and laboratory practice. | ||
| 650 | |x ELECTRONICA - MEDICION |x ELECTRONICA - APARATOS E INSTRUMENTOS |9 19141 | ||
| 700 | |9 19140 |a Panesso Tascon, Jairo | ||
| 942 | |2 ddc |c BK | ||
| 999 | |c 14675 |d 14675 | ||
